| 000 | 00540nam a22001937a 4500 | ||
|---|---|---|---|
| 003 | OSt | ||
| 005 | 20180116183056.0 | ||
| 008 | 161021b xxu||||| |||| 00| 0 eng d | ||
| 020 | _a9694170761 | ||
| 040 | _c0 | ||
| 082 | _a415 SHE 2003 | ||
| 100 | _aShehzad,Wasima. | ||
| 245 |
_aA to Zee Communicative Techniques and Activities _cWasima Shehzad |
||
| 260 |
_aIslamabad _bHigher Education Commission _c2003. |
||
| 300 |
_a122p. _bPB. |
||
| 440 | _aA to Zee Communicative Techniques and Activities | ||
| 500 | _aPB. | ||
| 942 |
_2ddc _cBK |
||
| 999 |
_c351849 _d351849 |
||